000 00723nam a22002177a 4500
003 UA-OsUOA
001 82234
007 ta
008 20120224b un ||||| |||| 00| 0 ukr d
100 _aПроданчук М.А.
090 _a657
_bП78
942 _cSA
040 _aUA-OsUOA
_bukr
_cUA-OsUOA
_dUA-OsUOA
245 _aТеоретичні засади обліку витрат та калькулювання в системі управління витратими
300 _aС.62-66
955 _a0
041 _aukr
080 _a657
773 0 _w82231
_tЕкономіка АПК
_dК.
_d2012
_g2
650 7 _a657 Бухгалтерія. Бухгалтерський облік. Рахівництво
_2UDC
999 _c368535
_d368535